000 00989nam a2200325Ia 4500
003 GCL
008 140319s9999 xx 000 0 ara d
020 _a3111409977
040 _aGCL /
_cGCL
082 0 4 _aق
_b928.1
_bي ص
100 1 _aيوسف الشريف
245 1 0 _aصعاليك الزمن الجميل /
_cيوسف الشريف
250 _aالاولى
260 _aالقاهرة :
_bدار الشروق ،
_c2005
300 _a338 ص ؛
_c28 سم
650 0 4 _aالتراجم الادبية
650 0 4 _aالادباء
650 0 4 _aعبدالحميد الديب
650 0 4 _aالادباء - تراجم
650 0 4 _aسيد مكاوى
650 0 4 _aحفنى محمود
650 0 4 _aمحمد مصطفى حمام
650 0 4 _aمدحت عاصم
650 0 4 _aمحمود السعدنى
650 0 4 _aمامون الشناوى
650 0 4 _aامين المهدى
650 0 4 _aحافظ نجيب
650 0 4 _aمحمد عودة
942 _2ddc
_cBK
999 _c57364
_d57364